000 01412cam a2200277 i 4500
003 SA-RiAUC
005 20260114133139.0
008 260101s1914 ua g 000r0 ara c
040 _aSA-MaHRM
_bara
_cSA-RiAUC
_erda
082 0 4 _a210.2
_qSA-RiAUC
090 _aم ن 210.2
_bا ب ن ح
100 1 _aابن حجر الهيتمي، أحمد بن محمد بن علي،
_d909-974 هجري
_eمؤلف.
245 1 0 _aمجموع مشتمل على ثلاث رسائل /
_cتأليف أحمد بن محمد بن شمس الدين المكي.
264 1 _a[مكان النشر غير محدد] :
_b[الناشر غير محدد]،
_c1914
264 3 _aالقاهرة :
_bمطبعة السعادة
300 _a80 صفحة ؛
_c28 سم
336 _aنص
_btxt
_2rdacontent
_3كتاب
337 _aبدون وسيط
_bn
_2rdamedia
338 _aمجلد
_bnc
_2rdacarrier
505 0 _aالرسالة الأولى : منح المعين في شرح الأربعين-الرسالة الثانية : الإتحاف في فضل الطواف-الرسالة الثالثة : الجوهر المنظم في فضائل ماء زمزم.
650 7 _aالإسلام
_vمتفرقات
_2aucsh
856 4 _uhttp://10.10.10.21/hipres/423/book.Web/bookTestPage.html
856 4 _uhttp://10.0.0.80:1112/Yousef/423.pdf
942 _2ddc
_cRBOOK COPY
_n0
949 _aSA-JeALM
_d260101
_umohamedma123
_n1
999 _c14060
_d14060